000 00766nam a2200229Ia 4500
003 OSt
005 20221005132515.0
006 a|||||r|||| 00| 0
007 ta
008 221004b |||||||| |||| 00| 0 eng d
024 _a56809
037 _cTextual
040 _aCRL
_cCRL
_beng
041 _2eng
_aeng
082 _aV2:1:L8, A
100 _aTranactions
_9641245
245 0 _aTransactions in India from the commencement of the French War in seventeen Hundred and Fifty-six to the conclusions of the Late Peace in the Seventeen Hundred and Eight-three, containing a history of the British interests in Indostan, etc.
260 _c1870
650 _aHISTORY
942 _hV2:1:L8, A
_cTEXL
_2cc
999 _c1063850
_d1063850